000 00965nam a22002417a 4500
008 110407r20072010mau|||||r|||| 001 0 eng d
020 _a1439041504
020 _a9781439041505
082 _222
_a320.91724
_bPOL
245 _aIntroduction to Politics of the Developing World /
_cGeneral editors William A. Joseph, Mark Kesselman and Joel Kreiger
250 _a5th ed.
260 _aBoston, MA :
_bWadsworth/Cengage Learning, 2010
_c2010
300 _axi, 390 p. :
_bill. ;
_c24 cm
500 _aIncludes index
650 _910960
_aComparative government.
651 _922205
_aDeveloping countries
_xPolitics and government.
653 _bPol
_cApril2011
700 _919982
_aKesselman, Mark
700 _919984
_aKrieger, Joel,
_c1951-
700 _919985
_aJoseph, William A.
_c1951-
942 _2ddc
_cBB
999 _c15079
_d15079